| 000 | 01204cam a2200217 4500 | ||
|---|---|---|---|
| 001 | ##L134996 | ||
| 008 | 060918n2006 000 0 eng u | ||
| 035 | _a(Sirsi) u134996 | ||
| 041 | 0 | _aeng | |
| 050 | 0 | 4 | _a711.4 $2 18 |
| 110 | 1 |
_aUnited Kingdom _bDepartment for Environment, Food and Rural Affairs |
|
| 245 | 0 | 0 |
_aPlanning and pollution control _bjoint DCLG and DEFRA consultation on options for improving the way planning and pollution control regimes work together in delivering new development |
| 260 |
_aLondon _bDEFRA _aLondon _bDCLG _c2006 |
||
| 520 | _aA joint consultation by DEFRA and DCLG which examines the way in which planning and pollution control regimes work together. Problems such as lack of clarity over responsibilities and overlapping requirements are highlighted. Various improvments to the current system are proposed on which comments are sought. | ||
| 590 | _aIKA190906 | ||
| 651 | 4 |
_aEngland _y886- |
|
| 690 |
_aPlanning and development _96259 |
||
| 710 | 1 |
_aUnited Kingdom _bDepartment for Communities and Local Government _94939 |
|
| 856 | 4 | 0 |
_uhttps://www.communities.gov.uk/index.asp?id=1502826 _zView the item free of charge at www.communities.gov.uk... |
| 942 | _n0 | ||
| 999 |
_c105883 _d105883 |
||